| 000 | 00581nam a2200205 u 4500 | ||
|---|---|---|---|
| 005 | 20220519063938.0 | ||
| 008 | 100518s2008 mx r 000 0 spa d | ||
| 020 | _a9789706888648 | ||
| 035 | _aUPN01000175912 | ||
| 049 | _aCG | ||
| 050 | 4 |
_aPQ7298.12 R7 _bT7.4 |
|
| 100 | 1 |
_aBrozon, M. B., _d1970- _931044 |
|
| 245 | 1 | 0 |
_a36 kilos / _cM. B. Brozon. |
| 260 |
_aMéxico : _bSM, _c2008. |
||
| 300 | _a169 p. | ||
| 440 | 0 |
_aGran angular ; _v28 |
|
| 586 | _aPremio de literatura juvenil gran angular 2008-México | ||
| 650 | 0 |
_aLiteratura juvenil mexicana _915848 |
|
| 905 | _aLibro | ||
| 999 |
_c148015 _d148015 |
||